000 00491nam a22001691a 4500
003 NEGST
005 20110718123805.0
008 030714s1992 001 0 eng d
020 _a9966402403
245 0 0 _aNew Testament in Hadiyya /
_cBible Society of Ethiopia.
260 _aAddis Ababa :
_bBible Society of Ethiopia,
_c1992.
300 _a612 p. : maps.
590 _aAccession number: 25825
600 1 0 _aHadiyya language - Texts.
630 0 0 _aBible. N.T.
_xHadiyya.
999 _c18070
_d18070